00429 a2200145 4500003000400000005001700004008004100021020001800062040000900080082001500089100001900104245011100123260003500234300001400269OSt20210622144528.0210622b ||||| |||| 00| 0 eng d a9789353168407 coclc a612bBAR/G aBarrett, Kim E aGanong's Review of Medical Physiology/cKim E Barrett, Susan M. Barman, Heddwen L. Brooks, Jason X.J. Yaun aChennai:bMc Graw Hill,c2019. a742 pages